| 000 | 00550nam a2200193Ia 4500 | ||
|---|---|---|---|
| 008 | 240729s9999 xx 000 0 und d | ||
| 022 | _a2152-6567 | ||
| 245 | 0 | _aAllergy & Rhinology | |
| 260 | _aUnited States | ||
| 260 | _bSAGE Publishing | ||
| 650 | _a Immunologic diseases. Allergy | ||
| 650 | _a Internal medicine | ||
| 650 | _a Otorhinolaryngology | Medicine | ||
| 650 | _a Specialties of internal medicine | ||
| 650 | _aMedicine | ||
| 856 | _uhttps://doaj.org/toc/73174d80e39c4709a522c9b6c90c31f1 | ||
| 942 | _2ddc | ||
| 942 | _cDOAJEJ | ||
| 999 |
_c67724 _d67724 |
||
| 945 |
_a1 _bMadushi Gamage _c1 _dMadushi Gamage |
||